00322nam a22000977a 4500003000400000082001900004100007800023245005700101260005800158300000800216SGT a891.4309bH42S aशास्त्री, किशोरीदास वाजपयी  a हिंदी शब्द मीमांसा  bमीनाक्षी प्रकाशन c1942 a116